Online
Catalog

De las obras de sor Juana Inés de la Cruz : (Record no. 2928)

MARC details
000 -CABECERA
campo de control de longitud fija 01025cam a2200193 a 4500
001 - NÚMERO DE CONTROL
campo de control 000003097
005 - FECHA Y HORA DE LA ÚLTIMA TRANSACCIÓN
campo de control 20250404124919.0
008 - DATOS DE LONGITUD FIJA--INFORMACIÓN GENERAL
campo de control de longitud fija 950524s1995 mx a 001 0 spa
040 ## - FUENTE DE LA CATALOGACIÓN
Centro catalogador/agencia de origen DO-SdBNP
Centro/agencia transcriptor DLC
Centro/agencia modificador DLC
050 00 - SIGNATURA TOPOGRÁFICA DE LA BIBLIOTECA DEL CONGRESO
Número de clasificación PQ7296.J6
Número de documento/Ítem A6 1995
082 ## - NÚMERO DE LA CLASIFICACIÓN DECIMAL DEWEY
Número de clasificación 861
Número de documento/Ítem C957d
100 1# - ENTRADA PRINCIPAL--NOMBRE DE PERSONA
Nombre de persona Juana Inés de la Cruz,
Títulos y otros términos asociados al nombre Sor,
Fechas asociadas al nombre 1651-1695
9 (RLIN) 9787
245 10 - MENCIÓN DE TÍTULO
Título De las obras de sor Juana Inés de la Cruz :
Resto del título y la segunda Celestina /
Mención de responsabilidad, etc. Sor Juana Inés de la Cruz ; introducción, Fredo Arias de la Canal ; prólogo, Guillermo Schmidhuber de la Mora.
260 ## - PUBLICACIÓN, DISTRIBUCIÓN, ETC.
Lugar de publicación, distribución, etc. México, D. F. :
Nombre del editor, distribuidor, etc. Frente de Afirmación Hispanista,
Fecha de publicación, distribución, etc. 1995.
300 ## - DESCRIPCIÓN FÍSICA
Extensión 2 t. :
Otras características físicas il. ;
Dimensiones 22 cm.
500 ## - NOTA GENERAL
Nota general La biblioteca sólo posee el tomo 2.
505 1# - NOTA DE CONTENIDO CON FORMATO
Nota de contenido con formato Segundo tomo de las obras de sor Juana Inés de la Cruz -- Loa para la comedia de La segunda Celestina / Agustín de Salazar y Torres -- La segunda Celestina / Agustín de Salazar y Torres, coautoría de Juana Inés de la Cruz -- Protesta de la fe de sor Juana Inés de la Cruz.
910 ## - DATOS DE OPCIÓN DEL USUARIO (OCLC)
Datos de opción del usuario Catalogación por copia / LC
Holdings
Estado de retiro Estado de pérdida Restricciones de uso No para préstamo Código de colección Localización permanente Ubicación/localización actual Ubicación en estantería Fecha de adquisición Número de inventario Total de préstamos Signatura topográfica completa Código de barras Fecha visto por última vez Precio válido a partir de Tipo de ítem Koha
    Préstamo interno   Monografías: Libros y Folletos General General En catalogación 06.07.2009 LF1   861 C957d 3097-10 25.06.2020 25.06.2020 Préstamo interno

Powered by Koha